000 00519nam a2200181Ia 4500
005 20250822170907.0
008 250822s9999||||xx |||||||||||||| ||und||
100 _aUngar Bleier, Elisabeth
245 0 _aColombie: les élections de 1997-1998, entre changement et continuité
300 _ap. 25-50
650 _aDEMOCRACIA
650 _aELECCIONES
650 _aPARTIDOS POLITICOS
650 _aSISTEMAS POLITICOS
651 _aCOLOMBIA
773 _aProblemes d'Amérique Latine No. 31 (1998)
942 _tMJCh
999 _c12770
_d12770